000 00683nam a2200205Ia 4500
003 GCL
008 140319s9999 xx 000 0 ara d
020 _a6079399977
040 _aGCL /
_cGCL
082 0 4 _a928.1
_bم ع
100 1 _aمحمد القدوسى
245 1 0 _aعبدالرحمن الابنودى :
_bشاعر الناس /
_cمحمد القدوسى
250 _aالأولى
260 _aالقاهرة :
_bأطلس للنشر والانتاج الاعلامى ،
_c2006
300 _a143 ص ؛
_c24 سم
650 0 4 _aالادباء العرب
650 0 4 _aعبدالرحمن الابنودى
650 0 4 _aالشعراء العرب - مصر
942 _2ddc
_cBK
999 _c9337
_d9337